English Premier League #1 Goalkeepers (from Nov 2019) - Statistics

General Stats
  • This quiz has been taken 190 times
    158 since last reset
  • The average score is 9 of 20
Answer Stats
Club Answer % Correct
Manchester United David De Gea
82%
Liverpool Alisson
81%
Manchester City Ederson
79%
Tottenham Hotspur Hugo Lloris
79%
Chelsea Kepa Arrizabalaga
79%
Everton Jordan Pickford
76%
Leicester Kasper Schmeichel
71%
Burnley Nick Pope
66%
AFC Bournemouth Aaron Ramsdale
37%
Sheffield United Dean Henderson
37%
Wolverhampton Wanderers Rui Patricio
37%
Aston Villa Tom Heaton
37%
Arsenal Bernd Leno
34%
Watford Ben Foster
23%
Norwich Tim Krul
22%
Newcastle Martin Dubravka
20%
West Ham Lukasz Fabianski
17%
Brighton & Hove Albion Mat Ryan
14%
Southampton Angus Gunn
11%
Crystal Palace Vicente Guaita
10%
No matching quizzes found
Score Distribution
Percent of People with Each Score
Percentile by Number Answered
Your Score History
You have not taken this quiz since the last reset